• 首页
  • 本馆介绍
  • 公告通知
  • 最新文献
  • 馆藏检索
  • 电子资源
  • 读者导购
  • 参考咨询
  • 我的图书馆
  • 登录
  • 详细信息显示
  • 放入我的书架
  • 预约/预借图书
  • 作者相关作品
  • 分类相关作品
  • 丛书相关作品
  • 出版社相关作品

书目信息

  • 表格格式
  • 工作单格式
  • 卡片格式
题名:
中国老学史
    
 
作者: 熊铁基 , 马良怀 , 刘韶军 著
分册:  
出版信息: 福州   福建人民出版社  1997.07
页数: 526页
开本: 20cm
丛书名:
单 册:
中图分类: B223.1
科图分类:
主题词: 先秦哲学
电子资源:
ISBN: 7-211-02924-2
000 00657nam0 2200229 45
001 0201251524
005 20031219104052.9
010    @a7-211-02924-2@dCNY25.30
100    @a20020125d1997 km y0chiy0120 ea
101 0  @achi
105    @a z 000yy
200 1  @a中国老学史@AZhong Guo Lao Xue Shi@f熊铁基,马良怀,刘韶军著@FXiong Tie Ji,Ma Liang Huai,Liu Shao Jun Zhu
210    @a福州@c福建人民出版社@d1997.07
215    @a526页@d20cm
605    @a老子@x研究@x历史
606 0  @a先秦哲学
690    @aB223.1@v4
701  0 @a熊铁基@4著
701  0 @a马良怀@4著
701  0 @a刘韶军@4著
801    @aCN@bTSTC@c20020125
905    @b304400-402@dB223.1@e177@f3
    
    中国老学史/熊铁基,马良怀,刘韶军著.-福州:福建人民出版社,1997.07
    526页;20cm
    
    
    ISBN 7-211-02924-2:CNY25.30
    
●
相关链接 在E读中查询图书 在五车中查询图书 在当当中查询图书 在豆瓣中查询图书


正题名:中国老学史     索取号:B223.1/177         预约/预借

序号 登录号 条形码 馆藏地/架位号 状态 备注
1 0304400   203044008   第一借阅区/ [索取号:B223.1/177] 在馆    
2 0304401   203044017   第一借阅区/ [索取号:B223.1/177] 在馆    
3 0304402   203044026   第一样本阅览室/ [索取号:B223.1/177] 在馆    
唐山师范学院图书馆 欢迎您!
大连网信软件有限公司© 版权所有